000 00681nam a2200265 a 4500
003 AR-BaBNM
005 20251128203749.0
008 082120s2002 ||||||||||||||000 | spa||
040 _cAR-BaBNM
100 1 _aLoon, Hendrik Willem van
245 0 0 _aVida y tiempos de Johann Sebastian Bach
260 _aBuenos Aires
_bEditora Del Plata
_c1941
300 _a68 p.
_bil.
650 4 _aBIOGRAFIAS
650 4 _aMUSICOS
650 4 _aHISTORIA DE LA MUSICA
650 4 _aMUSICA CLASICA
650 4 _aFORMAS MUSICALES
650 4 _aMUSICA RELIGIOSA
653 _aBARROCO
655 _aBIOGRAFIAS
700 1 _aPiquerez, Delia
_etraductor
942 _cBK
998 _cMARTIN
999 _c4841
_d4841